Estadísticas para Comarcas de Andalucía con Mapa

Haz click aquí para intentar la prueba.

Estadísticas generales

  • Esta prueba ha sido intentada 415 veces
  • La puntuación promedio es 28 de 65

Respuestas en el mapa

Las respuestas están codificadas por una escala verde-roja en el mapa de la prueba según el % correcto abajo.
 

Estadísticas de respuestas

ProvinciaComarca% Correcto
MálagaMálaga-Costa del Sol
92%
CádizBahía de Cádiz
91%
GranadaVega de Granada
90%
SevillaMetropolitana de Sevilla
89%
CórdobaCórdoba
88%
HuelvaMetropolitana de Huelva
88%
AlmeríaMetropolitana de Almería
87%
JaénMetropolitana de Jaén
85%
CádizCampiña de Jerez
72%
MálagaCosta del Sol Occidental
63%
CádizCampo de Gibraltar
62%
MálagaSerranía de Ronda
60%
MálagaAntequera
55%
JaénSierra de Cazorla
53%
GranadaCosta Tropical
50%
GranadaBaza
48%
SevillaSierra Norte de Sevilla
48%
AlmeríaAlpujarra Almeriense
46%
GranadaAlpujarra Granadina
46%
GranadaGuadix
45%
MálagaLa Axarquía
45%
JaénSierra Morena de Jaén
44%
SevillaÉcija
42%
SevillaCampiña de Carmona
41%
SevillaEl Aljarafe
41%
CórdobaValle de los Pedroches
41%
SevillaBajo Guadalquivir
40%
AlmeríaLos Vélez
40%
SevillaSierra Sur de Sevilla
39%
CórdobaAlto Guadalquivir
38%
AlmeríaFilabres-Tabernas
38%
GranadaLoja
38%
CádizSierra de Cádiz
38%
HuelvaEl Condado de Huelva
37%
JaénEl Condado de Jaén
37%
JaénSierra Sur de Jaén
36%
JaénSierra de Segura
35%
CádizLa Janda
34%
AlmeríaPoniente Almeriense
33%
GranadaHuéscar
32%
MálagaValle del Guadalhorce
32%
HuelvaSierra de Huelva
31%
JaénSierra Mágina
31%
SevillaCampiña de Morón y Marchena
30%
CórdobaCampiña de Baena
29%
CórdobaCampiña Sur Cordobesa
29%
AlmeríaLevante Almeriense
29%
HuelvaCosta Occidental de Huelva
28%
GranadaAlhama
27%
HuelvaCuenca Minera
26%
CórdobaLa Subbética
26%
MálagaSierra de las Nieves
26%
CórdobaValle Medio del Guadalquivir
26%
CádizCosta Noroeste de Cádiz
25%
HuelvaEl Andévalo
25%
JaénLas Villas
25%
GranadaValle de Lecrín
25%
CórdobaValle del Guadiato
25%
JaénCampiña de Jaén
24%
GranadaLos Montes
24%
AlmeríaValle del Almanzora
24%
SevillaVega del Guadalquivir
24%
JaénLa Loma
23%
MálagaNororma
17%
MálagaGuadalteba
14%

Distribución de puntuación

Porcentaje por número respondido

Porcentaje de gente con cada puntuación

Historial de tus puntuaciones

No has intentado esta prueba.